Catálogo
 En Linea

Carta encíclica Fides et Ratio del sumo pontífice Juan Pablo II : (Registro nro. 33374)

Detalles MARC
000 -CABECERA
campo de control de longitud fija 00614nam a2200145 a 4500
001 - NÚMERO DE CONTROL
campo de control 000033883
005 - FECHA Y HORA DE LA ÚLTIMA TRANSACCIÓN
campo de control 20200930070609.0
008 - DATOS DE LONGITUD FIJA--INFORMACIÓN GENERAL
campo de control de longitud fija 110914s vc 000 0 spa d
040 ## - FUENTE DE LA CATALOGACIÓN
Centro catalogador/agencia de origen DO-SdBNP
100 1# - ENTRADA PRINCIPAL--NOMBRE DE PERSONA
Nombre de persona Juan Pablo
Numeración II
Títulos y otros términos asociados al nombre Papa,
Fechas asociadas al nombre 1920-2005.
9 (RLIN) 10991
245 10 - MENCIÓN DE TÍTULO
Título Carta encíclica Fides et Ratio del sumo pontífice Juan Pablo II :
Resto del título a los obispo de la Iglesia Católica sobre las relaciones entre fe y razón. /
Mención de responsabilidad, etc. Juan Pablo II.
260 ## - PUBLICACIÓN, DISTRIBUCIÓN, ETC.
Lugar de publicación, distribución, etc. Ciudad del Vaticano :
Nombre del editor, distribuidor, etc. Librería Editrice Vaticana,
Fecha de publicación, distribución, etc. [208?].
300 ## - DESCRIPCIÓN FÍSICA
Extensión 161 p. ;
Dimensiones 23 cm.
500 ## - NOTA GENERAL
Nota general Incluye referencias bilbiográficas y notas al pie de las páginas
Existencias
Estado de retiro Estado de pérdida Restricciones de uso No para préstamo Código de colección Localización permanente Ubicación/localización actual Ubicación en estantería Fecha de adquisición Número de inventario Total de préstamos Signatura topográfica completa Código de barras Fecha visto por última vez Precio válido a partir de Tipo de ítem Koha
      Excluido de préstamo Monografías: Libros y Folletos General General Depósito 14.09.2011 LF1   33883-10 25.06.2020 25.06.2020 No se presta

Con tecnología Koha